[Event "Moscow-ch 1/2 final"]
[Site "Moscow"]
[Date "2002.??.??"]
[Round "5"]
[White "Njubin, Viktor"]
[Black "Einor, Pavel"]
[Result "1/2-1/2"]
[WhiteElo "2178"]
[BlackElo "2076"]
[PlyCount "73"]
[EventDate "2002.03.??"]
[EventType "swiss"]
[EventRounds "11"]
[EventCountry "RUS"]
[SourceTitle "EXT 2003"]
[Source "ChessBase"]
[SourceDate "2002.11.25"]
[SourceVersion "1"]
[SourceVersionDate "2002.11.25"]
[SourceQuality "1"]

1. e4 d6 2. d4 Nf6 3. Nc3 g6 4. g3 Bg7 5. Bg2 0-0 6. Nge2 e5 7. h3 Nc6 8. Be3 exd4 9. Nxd4 Bd7 10. 0-0 Nxd4 11. Bxd4 c5 12. Be3 Bc6 13. Bf4 Re8 14. Bxd6 Qb6 15. e5 Bxg2 16. Kxg2 Rad8 17. Qf3 Nd7 18. Nd5 Qxb2 19. Nc7 Nxe5 20. Qd5 Re7 21. Qxc5 Red7 22. Rab1 b6 23. Bxe5 Qxe5 24. Qxe5 Bxe5 25. Nb5 a6 26. Na3 b5 27. c4 Bd6 28. Rb3 Bxa3 29. Rxa3 bxc4 30. Rxa6 Rc7 31. Rc1 c3 32. Rc2 Kf8 33. Ra3 Rdc8 34. Kf3 Ke7 35. Ke3 Ke6 36. Kd3 Rd8+ 37. Ke3 1/2-1/2

[Event "Moscow-ch 1/2 final"]
[Site "Moscow"]
[Date "2002.??.??"]
[Round "3"]
[White "Zimin, Alexey"]
[Black "Einor, Pavel"]
[Result "1/2-1/2"]
[WhiteElo "2196"]
[BlackElo "2076"]
[PlyCount "56"]
[EventDate "2002.03.??"]
[EventType "swiss"]
[EventRounds "11"]
[EventCountry "RUS"]
[SourceTitle "EXT 2003"]
[Source "ChessBase"]
[SourceDate "2002.11.25"]
[SourceVersion "1"]
[SourceVersionDate "2002.11.25"]
[SourceQuality "1"]

1. e4 d6 2. d4 Nf6 3. Nc3 g6 4. f4 Bg7 5. Nf3 c5 6. Be3 cxd4 7. Nxd4 Nc6 8. Qd2 0-0 9. 0-0-0 Bd7 10. h3 Rc8 11. g4 Na5 12. f5 Nc4 13. Bxc4 Rxc4 14. Rdg1 Qa5 15. Nb3 Qa6 16. Bd4 Rfc8 17. Qd3 b5 18. Kb1 Qb7 19. Na5 Qa6 20. Nxc4 bxc4 21. Qd2 Bc6 22. Rh2 Qb7 23. e5 dxe5 24. Bxe5 Nxg4 25. Bxg7 Nxh2 26. fxg6 fxg6 27. Bh6 Nf3 28. Qe2 e5 1/2-1/2